|
|
|
|
| LEADER |
02152nam a22003852a 4500 |
| 001 |
001889867 |
| 003 |
CZ BrMZK |
| 005 |
20240320133123.0 |
| 007 |
ta |
| 008 |
240320s1936 fr er|||||||||||fre d |
| 040 |
|
|
|a BOA001
|b cze
|e aacr2
|
| 072 |
|
7 |
|a 821.133.1-3
|x Francouzská próza, francouzsky psaná
|2 Konspekt
|9 25
|
| 080 |
|
|
|a 821.133.1-32
|2 MRF
|
| 245 |
0 |
0 |
|a Neuf et une /
|c par Marcel Aymé, Germaine Beaumont, Charles Braibant, L.-F. Céline, Louis Francis, Philippe Hériat, Armand Lunel, Bernard Nabonne, André Obey, François de Roux
|
| 250 |
|
|
|a 6e édition
|
| 260 |
|
|
|a Paris :
|b Gallimard,
|c 1936
|
| 300 |
|
|
|a 242 s. ;
|c 8°
|
| 500 |
|
|
|a Na obálce: Les dix membres du Jury Renaudot présentent Neuf et une
|
| 500 |
|
|
|a Na titulní straně : Georges Charensol - Pierre Demartres - Pierre Descaves - Marcel Espiau - Georges Martin - Raymond de Nys - Odette Pannetier - Gaston Picard - Noël Sabord - Marcel Sauvage présentent Neuf et une
|
| 505 |
0 |
0 |
|t Knate /
|r Marcel Aymé --
|t Cinquième acte /
|r Germaine Beaumont --
|t Cagoule /
|r Charles Braibant --
|t Secret dans l'île /
|r L.-F. Céline --
|t Cyclamens /
|r Louis Francis --
|t En présence de l'ennemi
|r Philippe Hériat --
|t Assiettes /
|r Armand Lunel --
|t Double Gervasie /
|r Bernard Nabonne --
|t Vénus et Adonis /
|r André Obey --
|t Mirage /
|r François de Roux
|
| 655 |
|
7 |
|a francouzské povídky
|7 fd132287
|2 czenas
|
| 700 |
1 |
|
|a Aymé, Marcel,
|d 1902-1967
|7 jn19990000334
|4 aut
|
| 700 |
1 |
|
|a Beaumont, Germaine,
|d 1890-1983
|7 mub2015865861
|4 aut
|
| 700 |
1 |
|
|a Braibant, Charles,
|d 1889-1976
|7 xx0008420
|4 aut
|
| 700 |
1 |
|
|a Céline, Louis Ferdinand,
|d 1894-1961
|7 jn19981000542
|4 aut
|
| 700 |
1 |
|
|a Francis, Louis,
|d 1900-1959
|7 jo20231184136
|4 aut
|
| 700 |
1 |
|
|a Hériat, Philippe,
|d 1898-1971
|7 jn19981001509
|4 aut
|
| 700 |
1 |
|
|a Lunel, Armand,
|d 1892-1977
|7 xx0174878
|4 aut
|
| 700 |
1 |
|
|a Nabonne, Bernard,
|d 1897-1951
|7 uk2016920515
|4 aut
|
| 700 |
1 |
|
|a Obey, André,
|d 1892-1975
|7 xx0186728
|4 aut
|
| 700 |
1 |
|
|a Roux, François de
|4 aut
|
| 910 |
|
|
|a BOA001
|b 1-0199.619
|
| 990 |
|
|
|a BK
|
| 991 |
|
|
|b 202403
|
| 996 |
6 |
|
|b BC-2489969
|c 1-0199.619
|l MZK
|r Sklad / do 1 hodiny
|n 0
|w 001958247
|u 000010
|a 1
|e BOA001
|j MZK50
|s P
|